Návrh opatrení v oblasti odpisovania dlhodobého hmotného a nehmotného majetku v spoločnosti STAS - stavby a sanácie s.r.o.

Guardado en:
Detalles Bibliográficos
Autor principal: Bendová, Nikola (Autor)
Otros Autores: Horváthová, Martina (Orientador)
Formato: Manuscrito Libro
Lenguaje:eslovaco
Publicado: 2015
Materias:
Acceso en línea:http://is.stuba.sk/zp/portal_zp.pl?podrobnosti=102046
Etiquetas: Agregar Etiqueta
Sin Etiquetas, Sea el primero en etiquetar este registro!

MARC

LEADER 00000ntm a22000003a 4500
001 stuzp51251
003 SK-STU
005 20160719153810.8
007 ta
008 150427s2015----xo-----f-mn---000-0-slo-d
040 |a STU  |b slo 
041 0 |a slo 
100 1 |a Bendová, Nikola  |u 064000  |4 aut  |U MTF Materiálovotechnologická fakulta  |T MTF Ústav priemyselného inžinierstva a manažmentu  |X 61380  |U M4000  |Y 84  |7 61380 
242 0 1 |a Proposed measures of depreciation of tangible and intangible assets in company STAS – stavby a sanácie s.r.o.  |y eng 
245 1 0 |a Návrh opatrení v oblasti odpisovania dlhodobého hmotného a nehmotného majetku v spoločnosti STAS - stavby a sanácie s.r.o. 
260 |c 2015 
650 4 |a dlhodobý hmotný a nehmotný majetok  |2 slo 
650 4 |a odpisovanie majetku  |2 slo 
650 4 |a daňové odpisy  |2 slo 
650 4 |a depreciation of assets  |2 eng 
650 4 |a tangible and intangible assets  |2 eng 
650 4 |a tax depreciation  |2 eng 
700 1 |a Horváthová, Martina  |4 ths  |X 1507  |7 A000001507 
856 4 |u http://is.stuba.sk/zp/portal_zp.pl?podrobnosti=102046 
996 |c M* BP-7322  |l MMSKP  |s P  |a 0  |w stuzp51251_0001 
SQL |a stuzp51251  |b DBP  |c SLO  |d Návrh opatrení v oblasti odpisovania dlhodobého hmotného a nehmotného majetku v spoločnosti STAS - stavby a sanácie s.r.o.  |e 61380  |f Bendová, Nikola  |g 064000  |h 1507  |i Horváthová, Martina  |j 20150623  |k 173  |l 06  |m http://is.stuba.sk/zp/portal_zp.pl?podrobnosti=102046  |n B-PPP  |o 5.2.52. priemyselné inžinierstvo